00233nam a22001097a 4500003000400000005001700004007001000021008004100031040000600072245003000078260001500108OSt20250301105007.0299 pages250301b |||||||| |||| 00| 0 eng d c  aVeer SavarkarcMahurkar U bRupac2023